Flagii Australii i Oceanii - Statystyki

Ogólne statystyki
  • Ten quiz został rozwiązany 13 874 razy
  • Średni wynik to 11 z 14
Statystyki odpowiedzi
Obrazkowy Odpowiedź % Poprawnych
Nowa Zelandia
98%
Australia
97%
Papua- Nowa Gwinea
86%
Palau
82%
Fidżi
80%
Mikronezja
78%
Wyspy Marshalla
78%
Tonga
77%
Kiribati
76%
Wyspy Salomona
71%
Nauru
70%
Samoa
68%
Tuvalu
65%
Vanuatu
65%
Nie znaleziono quizów pasujących do podanych kryteriów
Rozkład punktacji
Procent ludzi z każdym wynikiem
Percentyl według liczby udzielonych odpowiedzi
Twoja historia wyników
Nie rozwiązałeś tego quizu